| 000 | 01997cam a22005054i 4500 | ||
|---|---|---|---|
| 003 | PE-LiUPU | ||
| 005 | 20250731173543.0 | ||
| 008 | 150617s1986 sp rb 000 0 spa d | ||
| 020 | _a082541072X | ||
| 035 | _a(Sirsi) i9780825410727 | ||
| 040 |
_aPE-LiUPU _bspa _cPE-LiUPU _erda |
||
| 049 | _aPRUA | ||
| 082 | 0 | 4 |
_a251.02 _bB813c |
| 100 | 1 |
_aBraga, James, _eautor. |
|
| 245 | 1 | 0 |
_aCómo preparar mensajes bíblicos / _cJames Braga ; [traducción, Santiago Escuain]. |
| 264 | 1 |
_aBarcelona : _bPublicaciones Portavoz Evangélico, _c1986. |
|
| 300 |
_a321 páginas ; _c20 centímetros |
||
| 336 |
_atext _2rdacontent |
||
| 337 |
_aunmediated _2rdamedia |
||
| 338 |
_avolume _2rdacarrier |
||
| 504 | _aIncluye bibliografía. | ||
| 505 | 0 | _aTipos principales de semones bíblicos: El semón temático -- El sermón textual -- El sermón expositivo -- La mecánica de la preparación de un sermón: Estructura homilética -- El título -- Introducción -- La proposición -- Las divisiones -- El desarrollo. Las ilustraciones -- La aplicación -- La conclusión -- Recapitulación. | |
| 526 | _aSEG42 | ||
| 526 | _aSEG41 | ||
| 526 | _aSEG40 | ||
| 526 | _aSEG39 | ||
| 526 | _aP94 | ||
| 526 | _aP87 | ||
| 526 | _aP86 | ||
| 526 | _aP85 | ||
| 526 | _aP77 | ||
| 526 | _aP76 | ||
| 526 | _aP35 | ||
| 650 | 0 | 4 | _aHomilética. |
| 650 | 0 | 4 | _aPredicación. |
| 700 |
_9291 _aEscuain, Santiago _eTraductor |
||
| 700 |
_9292 _aGarcía Angosto, Miguel _ePortada |
||
| 910 | _ajck | ||
| 942 |
_2ddc _cBOOK _n0 |
||
| 949 |
_a251 B81 _wDEWEY _c1 _i27633 _d2016-11-2 _e2016-10-31 _lCCODEBUL1 _mBUL _n1 _r0 _sY _tBOOK _u2015-4-22 _xTEOLOGIA _0COMPRA _o.STAFF. Colección Teología |
||
| 949 |
_a251.0102 B81 _wDEWEY _c1 _i38493 _d2016-10-9 _e2016-10-4 _lCCODEBUL1 _mBUL _n2 _r0 _sY _tBOOK _u2015-6-16 _xTEOLOGIA _zUNKNOWN _0COMPRA _o.STAFF. Colección Teología |
||
| 980 |
_81 _gALBERTO SANCHEZ Responsable de Automatización |
||
| 999 |
_c60588 _d60588 |
||